000 00651cam6a220022900 4500
001 lce00637324
008 700901s1968 ohua b 000 0 eng
010 _a 68012556
035 _a(Sirsi) r45435
035 _a(DLC) 68012556
035 _a(UPRA)lce00637324
050 0 _aTA403
_b.K42
082 _a620.1/1
100 1 _aKeyser, Carl A.
_6A3150.1
245 1 0 _aMaterials science in engineering /
_c[by] Carl A. Keyser.
260 _aColumbus, OH :
_bMerrill,
_c[1968]
504 _aIncludes bibliographies.
650 0 _aMaterials.
_6S45.1
949 _aTA403
_wlcc
_i-56806
_mMAIN
_tBOOK
_lON-SHELF
004 45435
987 _aWITHDRAWN
999 _c170658
_d170658